Parallel port complete: programming, interfacing and using the PCs parallel printer port (Record no. 202687)
[ view plain ]
| 000 -LEADER | |
|---|---|
| fixed length control field | 00492nam a2200157Ia 4500 |
| 008 - FIXED-LENGTH DATA ELEMENTS--GENERAL INFORMATION | |
| fixed length control field | 231221s9999 xx 000 0 und d |
| 041 ## - LANGUAGE CODE | |
| Language code of text/sound track or separate title | English |
| 082 ## - DEWEY DECIMAL CLASSIFICATION NUMBER | |
| Classification number | 004.35 AXE |
| 100 ## - MAIN ENTRY--PERSONAL NAME | |
| Personal name | Axelson, Jan |
| 245 #0 - TITLE STATEMENT | |
| Title | Parallel port complete: programming, interfacing and using the PCs parallel printer port |
| 260 ## - PUBLICATION, DISTRIBUTION, ETC. | |
| Date of publication, distribution, etc. | 1996 |
| Name of publisher, distributor, etc. | Mumbai: PRI |
| 300 ## - PHYSICAL DESCRIPTION | |
| Extent | xiv+343 |
| 300 ## - PHYSICAL DESCRIPTION | |
| Dimensions | 24006 |
| 650 ## - SUBJECT ADDED ENTRY--TOPICAL TERM | |
| Topical term or geographic name entry element | Parallel,port,complete:,programming,,interfacing,using,PCs,parallel,printer,port |
| 942 ## - ADDED ENTRY ELEMENTS (KOHA) | |
| Koha item type | Compact Disks |
| Date last seen | Total checkouts | Full call number | Accession number | Price effective from | Category | Lost status | Damaged status | Department | Withdrawn status | Home library | Current library | Entry date | Grants | Billdate | Currency symbol | Conversion rate | Discount | Old discount |
|---|---|---|---|---|---|---|---|---|---|---|---|---|---|---|---|---|---|---|
| 26/01/2024 | 004.35 AXE | CD924 | 26/01/2024 | Compact Disks | Central Library | Central Library | Central Library | CS | 05/09/2008 | EURO | 1 |
